MDQL
is popping MORE tags! Check the
thread
!
Quizzes
Events
Quiz Creation
Community
Videos
Private Events
Remove Ads
Sign In
Join for FREE
Feedback
Dark Mode
Quiz Categories
Sports
Geography
Music
Movies
Television
Just For Fun
Miscellaneous
History
Literature
Language
Science
Gaming
Entertainment
Religion
Holiday
For Kids
Quiz Lab
Recent
Popular Today
Quiz Kudos Today
Editor Picks
Curator Picks
Quizzes by...
Day
Popularity
Type
Ratings
Length
Year
Community
Subscriptions
Recent Discussions
Orange Saloon
Badges
Playlists
Quests
Create
Leaderboards
Showdown
Live 5
Trivia Bingo
Activity
Puzzle Library
Sporcle Events
Private Events
Virtual Trivia
Globe League
Become a Host
Pub Owners
SporcleCon
Opinionation
Our Games
Videos
Blog
Mobile Apps
Partnerships
Remove Ads and Go Orange
Feedback
Music
Pop Music
The Beatles
Song
Album
Lyrics
Bands
Singers
Artist
Clip
Rock
Rap
Classical
Billboard
Country Music
Kpop
Taylor Swift
Music
Pop Music
The Beatles
Song
Album
Lyrics
Bands
Singers
Artist
Clip
Rock
Rap
Classical
Billboard
Country Music
Kpop
Taylor Swift
Random Quiz
Search Sporcle
×
Quiz Lab
Quiz Lab
Music
Pop Music
Type in answers that appear in a list
Type in answers that appear in a list
Classic
Best Score? Go Orange.
'All the Way' Lyrics by Megan and Liz Stats
Can you name the lyrics to Megan and Liz's 'All the Way'
By
swiimstar
10m
202 Questions
18 Plays
18 Plays
18 Plays
Comments
Comments
Give Quiz Kudos
Give Quiz Kudos
-
- Ratings
hide this ad
Replay
Link that replays current quiz
Next Quiz
Link to next quiz in quiz playlist
You Got
0%
They Got
Avg Score
68%
Avg Friend Score
Upgrade to see
Score Distribution
Jump to the score distribution portion of the page
Score
0/202
Timer
10:00
0
Plays Today
Lyric
% Correct
and
100%
the
100%
the
100%
the
100%
the
100%
And
100%
the
100%
the
100%
the
100%
a
100%
and
100%
I
83.3%
I
83.3%
I
83.3%
all
83.3%
way?
83.3%
I
83.3%
I
83.3%
I
83.3%
all
83.3%
all
83.3%
way
83.3%
I
83.3%
all
83.3%
I
83.3%
all
83.3%
way.
83.3%
I
83.3%
I
83.3%
We
77.8%
You
77.8%
me
77.8%
you
77.8%
want
77.8%
me.
77.8%
You
77.8%
say
77.8%
that
77.8%
for
77.8%
you?
77.8%
want
77.8%
we
77.8%
to
77.8%
you
77.8%
me
77.8%
that
77.8%
you
77.8%
me
77.8%
say
77.8%
that
77.8%
me
77.8%
it
77.8%
me
77.8%
me
77.8%
for
77.8%
you
77.8%
for
77.8%
that
77.8%
want
77.8%
you
77.8%
me
77.8%
You
77.8%
say
77.8%
that
77.8%
me
77.8%
you
77.8%
You
77.8%
you
77.8%
Lyric
% Correct
me
77.8%
that
77.8%
that
77.8%
want
77.8%
we
77.8%
to
77.8%
it
77.8%
to
77.8%
you
77.8%
you
77.8%
you
77.8%
for
77.8%
me?
77.8%
me
77.8%
we
77.8%
to
77.8%
I'm
72.2%
so
72.2%
with
72.2%
on.
72.2%
tell
72.2%
am
72.2%
so
72.2%
of
72.2%
your
72.2%
go
72.2%
Can
72.2%
love
72.2%
know
72.2%
know
72.2%
on
72.2%
with
72.2%
Love
72.2%
am
72.2%
I'm
72.2%
is
72.2%
can
72.2%
love
72.2%
know
72.2%
tell
72.2%
I'm
72.2%
in
72.2%
love?
72.2%
your
72.2%
be
72.2%
with
72.2%
your
72.2%
go
72.2%
far
66.7%
it's
66.7%
Why
66.7%
heart
66.7%
far.
66.7%
fall
66.7%
like
66.7%
But
66.7%
take
66.7%
girl
66.7%
not
66.7%
it's
66.7%
it's
66.7%
heart
66.7%
too
66.7%
far.
66.7%
heart
66.7%
far.
66.7%
fell
61.1%
asleep
61.1%
Lyric
% Correct
Skype
61.1%
still
61.1%
turned
61.1%
true.
61.1%
before
61.1%
before
61.1%
outside
61.1%
you'll
61.1%
stick
61.1%
through
61.1%
asking
61.1%
best
61.1%
before
61.1%
out.
61.1%
Give
61.1%
before
61.1%
this
55.6%
gone.
55.6%
scared
55.6%
falling
55.6%
Cause
55.6%
wanna
55.6%
Cause
55.6%
Baby
55.6%
perfect
55.6%
could
55.6%
Baby
55.6%
Cause
55.6%
baby
55.6%
up
50%
if
50%
don't
50%
care
50%
if
50%
any
50%
does
50%
mean
50%
really
50%
now.
50%
Are
50%
Are
50%
woke
44.4%
morning
44.4%
you'd
44.4%
write
44.4%
song
44.4%
good
44.4%
pretty
44.4%
sweatpants
44.4%
uggs
44.4%
I've
44.4%
I've
44.4%
just
44.4%
ready
44.4%
ready
44.4%
Hold
44.4%
been
38.9%
figure
38.9%
been
38.9%
tight
38.9%
steady
38.9%
C'mon
38.9%
trying
33.3%
trying
33.3%
dying
33.3%
goes
27.8%
Quiz Playlist
Details
Report
Send in Message
Add To Playlist
Classic:
Type in answers that appear in a list
Last Updated: Feb 16, 2017
Quiz Scoreboard
CHALLENGE
Sign Up to Join the Scoreboard
Show All
Scores
Hide
Comments
May contain spoilers
Recently Published
1-10 Letter E Words III
by El_Dandy
Language
2m
Street Fighter Characters
by Artimus82
Gaming
60s
College Basketball Coaching Resumes
by pancakes188
Sports
9m
More to Explore
Quiz From the Vault
Featured Blog Post
Where Did the Easter Bunny Come From?
hide this ad
You Might Also Like...
Tags
Country Music Quiz
Lyrics Quiz
Musical Quiz
Pop Music Quiz
Liz
megan
Today's Top Quizzes in Music
Browse Music
hide this ad
Today's Top Quizzes in Pop Music
Browse Pop Music
Top Contributed Quizzes in Music
1
Taylor Swift All Songs (2024)
2
Taylor Swift Logic Puzzle
3
Guess the Artist- 70s Songs
4
7-to-1: Billboard Hot 100 #1 Hits of 2010s
5
Sorting Albums and Songs
6
Billboard Blitz: Aretha Franklin
7
KPOP LOGIC QUIZ
8
Guess the Taylor Swift song (Mystery Song)
9
Guess The Taylor Swift Lyrics Song #1
10
Billboard Blitz: ABBA
Explore More
Trending Topics
Marvel
Harry Potter
Anime
Crossword
NBA
Kpop
Disney
NFL
Country
Puzzle
Pokémon
WWE
The Office
Soccer
Song
hide this ad
More By:
swiimstar
Quiz
Plays
Rating
Category
Featured
Created
'I' States
76,422
4.23
Geography
Apr 16, 2013
First Line: Taylor Swift's 'evermore' album
2,502
5.00
Music
Dec 13, 2020
Fast Food Logos By Description
1,953
3.25
Miscellaneous
Aug 6, 2014
Taylor Swift 1989 Trivia
1,741
4.33
Music
Jan 22, 2015
Taylor Swift Clickable Songs
1,389
2.50
Music
Mar 27, 2013
Go to Creator's Profile
Score Distribution
Quiz Creator Spotlight
swiimstar
Follow
Send a Message
Quizzes Created
-
Created Quiz Play Count
-
More By This Creator
Popular Quizzes Today
1
Find the US States - No Outlines Minefield
2
Find the Countries of Europe - No Outlines Minefield
3
The Countries of the World
4
Find the US States
5
Risky Map Clicking: Biggest States A-Z
6
US States
7
Popular People in 1961
8
Movies - When Are They Set?
More Music Quizzes
Bands with Three Words
Published
Trending Quizzes
Risky Map Clicking: Least Populous States A-Z
Billboard Blitz: Aretha Franklin
Famous Russians: Author or Composer?
1-10 Letter G Words
Countries of the World: 200 Million BC
Recently Updated
Leaping Animals
pecheneg
Reality TV Shows (A-Z)
bhenderson79
Rickey Henderson's Hall of Fame Teammates
pecheneg
Champions League XIs: Arsenal
pecheneg
Quick Pick: Celebrities in WWE's Hall of Fame
aduchscher
A-Z Keypad Blitz II
pecheneg
Multiple Oscar Actors
pecheneg
Mystery Phrase Blitz: Oscar 'Best Actors'
pecheneg
F. Scott Fitzgerald Novels
LTH
Pick 3 Villains
ddd62291
Trending Topics
Harry Potter
Kpop
Marvel
Crossword
NBA
Anime
Disney
Song
WWE
Country
The Office
Puzzle
NFL
Soccer
Pokémon
Your Account Isn't Verified!
In order to create a playlist on Sporcle, you need to verify the email address you used during registration. Go to your
Sporcle Settings
to finish the process.
Report this User
Report this user for behavior that violates our
Community Guidelines
.
Details:
Send Report
Go to the Sporcle.com Mobile Site →
Comments